|
|
|
|
| LEADER |
00000nam0a2200000 4500 |
| 001 |
103515 |
| 005 |
20231206132348.0 |
| 010 |
|
|
|a 5952420087
|
| 035 |
|
|
|a (RuTPU)RU\TPU\book\111606
|
| 090 |
|
|
|a 103515
|
| 100 |
|
|
|a 20061018d2006 km y0rusy50 ca
|
| 101 |
1 |
|
|a rus
|c eng
|
| 102 |
|
|
|a RU
|
| 105 |
|
|
|a af z 000zd
|
| 200 |
1 |
|
|a Моя русская жизнь: воспоминания великосветской дамы, 1870-1918
|f М. С. Барятинская
|g пер. с англ. А. С. Цыпленковой
|
| 210 |
|
|
|a Москва
|c Центрполиграф
|d 2006
|
| 215 |
|
|
|a 367 с.
|c ил.
|
| 225 |
1 |
|
|a Свидетели эпохи
|
| 330 |
|
|
|a Мемуары великосветской дамы Марии Сергеевны Барятинской, праправнучки фельдмаршала Суворова, жены флигель-адъютанта Николая II, Анатолия Барятинского, в мельчайших деталях восстанавливают тонкости придворного этикета и церемониала. Она вспоминает торжественность коронации и празднования 300-летия Дома Романовых, Европу начала века. Барятинская начинает повествование с описания смерти Александра III и восшествия на престол Николая II, рассказывает о Распутине и убийстве Столыпина, начале войны и о том, как организовывала работу военного госпитfля в Киеве. Мария Сергеевна бережно сохраняла записи о важных и мимолетных происшествиях, ценнейшие свидетельства, полные неповторимого очарования утерянного рая.
|
| 600 |
|
1 |
|a Барятинская
|b М. С.
|g Мария Сергеевна
|c княгиня
|2 stltpush
|3 (RuTPU)RU\TPU\pers\19417
|
| 606 |
1 |
|
|a Россия
|x История
|z 1855-1917
|9 81912
|
| 610 |
1 |
|
|a Россия
|
| 610 |
1 |
|
|a история
|
| 610 |
1 |
|
|a 19 век
|
| 610 |
1 |
|
|a 20 век
|
| 610 |
1 |
|
|a воспоминания
|
| 610 |
1 |
|
|a мемуары
|
| 686 |
|
|
|a Т3(2)522/53
|2 rubbk
|
| 700 |
|
1 |
|a Барятинская
|b М. С.
|g Мария Сергеевна
|
| 702 |
|
1 |
|a Цыпленкова
|b А. С.
|4 730
|
| 801 |
|
1 |
|a RU
|b 63413507
|c 20061018
|g PSBO
|
| 801 |
|
2 |
|a RU
|b 63413507
|c 20070609
|g PSBO
|
| 942 |
|
|
|c BK
|